000 00592nam a2200181 i 4500
001 43180
003 ES-MaACL
005 20250905063040.0
007 t|
008 030317s1943 sp ||||1| spa d
020 _a-
100 1 _aCastro Albarrán, Aniceto de,
_d1896-1981
_936901
245 1 4 _aLas dos ciudadanías /
_cconferencias cuaresmales por Aniceto de Castro Albarrán.
260 _aSalamanca :
_bPontificia Universidad Eclesiástica,
_c1943 (
_fTalleres Cervantes)
300 _aVII, 217 p. ;
_c25 cm.
852 _aES-MaACL
_jA-131
_bR.19870
999 _c43180
_d43180